LEADER 00933nam0-22003251--450- 001 990008313370403321 005 20060420082557.0 010 $a88-215-3050-7 020 $aIT$b96-4610 035 $a000831337 035 $aFED01000831337 035 $a(Aleph)000831337FED01 035 $a000831337 100 $a20060419d1995----km-y0itay50------ba 101 0 $aita 102 $aIT 105 $ay-------001yy 200 1 $a<>sfida del sovvenire$eil sostentamento economico della Chiesa a dieci anni dalla riforma concordataria$fLuigi Misṭ 210 $aCinisello Balsamo$cSan Paolo$d1995 215 $a220 p.$d21 cm 225 1 $aUniverso teologia 676 $a262.142$v20$zita 700 1$aMisṭ,$bLuigi$0500250 801 0$aIT$bUNINA$gRICA$2UNIMARC 901 $aBK 912 $a990008313370403321 952 $aII F 39$b33548*$fFGBC 959 $aFGBC 996 $aSfida del sovvenire$9744572 997 $aUNINA LEADER 01215nam0-2200337 --450 001 9910634499103321 005 20230109124403.0 010 $a88-324-5370-3 020 $aIT$b97-8037 100 $a20230109d1996----kmuy0itay5050 ba 101 0 $aita 102 $aIT 105 $a 001yy 200 1 $aProgettare senza barriere$emanuale d'informazione tecnica, legislativa, culturale per una progettazione senza barriere architettoniche nell'ambito dell'ambiente e del costruito, nei mezzi di trasporto, per una migliore qualità della vita di tutti gli individui$fPiero Cosulich, Antonio Ornati 205 $a6. ed. 210 $aMilano$cPirola$d1996 215 $aVIII, 306 p.$cill.$d25 cm 300 $aIn appendice: Normativa nazionale 300 $aIn cop.: Pirola edilizia urbanistica 610 0 $aEdifici per minorati$aProgettazione 610 0 $aBarriere architettoniche 676 $a720.42$v23$zita 700 1$aCosulich,$bPiero$0439659 701 1$aOrnati,$bAntonio$024885 801 0$aIT$bUNINA$gREICAT$2UNIMARC 901 $aBK 912 $a9910634499103321 952 $aMONNA 41$bMONNA 45$fFARBC 959 $aFARBC 996 $aProgettare senza barriere$974038 997 $aUNINA LEADER 01788oam 2200505M 450 001 9910716186103321 005 20200213070902.4 035 $a(CKB)5470000002518251 035 $a(OCoLC)1065592696 035 $a(OCoLC)995470000002518251 035 $a(EXLCZ)995470000002518251 100 $a20071213d1926 ua 0 101 0 $aeng 135 $aurcn||||||||| 181 $ctxt$2rdacontent 182 $cc$2rdamedia 183 $acr$2rdacarrier 200 10$aHenry F. Downing. June 30, 1926. -- Committed to the Committee of the Whole House and ordered to be printed 210 1$a[Washington, D.C.] :$c[U.S. Government Printing Office],$d1926. 215 $a1 online resource (2 pages) 225 1 $aHouse report / 69th Congress, 1st session. House ;$vno. 1576 225 1 $a[United States congressional serial set] ;$v[serial no. 8537] 300 $aBatch processed record: Metadata reviewed, not verified. Some fields updated by batch processes. 300 $aFDLP item number not assigned. 606 $aBounties, Military 606 $aClaims 606 $aRecruiting and enlistment 606 $aSailors 606 $aSoldiers 607 $aUnited States$xHistory$yCivil War, 1861-1865 608 $aLegislative materials.$2lcgft 615 0$aBounties, Military. 615 0$aClaims. 615 0$aRecruiting and enlistment. 615 0$aSailors. 615 0$aSoldiers. 701 $aStephens$b Ambrose Everett Burnside$f1862-1927$pRepublican (OH)$01389558 801 0$bWYU 801 1$bWYU 801 2$bOCLCO 801 2$bOCLCQ 906 $aBOOK 912 $a9910716186103321 996 $aHenry F. Downing. June 30, 1926. -- Committed to the Committee of the Whole House and ordered to be printed$93517519 997 $aUNINA